Towards a Confident Approach to Migration
Globalizácia v kontexte migácie. Prístup EÚ k migrácii.
Enregistré dans:
| Auteur principal: | |
|---|---|
| Format: | Chapitre de livre |
| Langue: | anglais |
| Sujets: | |
| Tags: |
Pas de tags, Soyez le premier à ajouter un tag!
|
MARC
| LEADER | 00000nla a2200000 4500 | ||
|---|---|---|---|
| 001 | 0243095 | ||
| 005 | 20241118103911.7 | ||
| 041 | 0 | |a eng | |
| 044 | |a DE | ||
| 245 | 1 | 0 | |a Towards a Confident Approach to Migration |c Naďa Kovalčíková |
| 520 | |a Globalizácia v kontexte migácie. Prístup EÚ k migrácii. | ||
| 610 | 2 | 0 | |a globalizácia |
| 610 | 2 | 0 | |a migrácia |
| 610 | 2 | 0 | |a imigrácia |
| 610 | 2 | 0 | |a Európska únia |
| 610 | 2 | 0 | |a konkurencieschopnosť |
| 610 | 2 | 0 | |a rast hospodársky |
| 610 | 2 | 0 | |a rozvoj trvalo udržateľný |
| 610 | 2 | 0 | |a sily pracovné |
| 610 | 2 | 0 | |a sebavedomie |
| 610 | 2 | 0 | |a kvalifikácia |
| 100 | 1 | |a Kovalčíková, Naďa | |